Lippincott's Illustrated reviews: biochemistry (Record no. 106616)

MARC details
000 -LEADER
fixed length control field 00567nam a2200217Ia 4500
003 - CONTROL NUMBER IDENTIFIER
control field OSt
005 - DATE AND TIME OF LATEST TRANSACTION
control field 20230523124909.0
008 - FIXED-LENGTH DATA ELEMENTS--GENERAL INFORMATION
fixed length control field 210210b1994 xxu||||| |||| 00| 0 eng d
020 ## - INTERNATIONAL STANDARD BOOK NUMBER
International Standard Book Number 0 397 51091 8
040 ## - CATALOGING SOURCE
Transcribing agency AL
041 ## - LANGUAGE CODE
Language code of text/sound track or separate title English
082 ## - DEWEY DECIMAL CLASSIFICATION NUMBER
Classification number 574.192 CHAL
100 ## - MAIN ENTRY--PERSONAL NAME
Personal name CHAMPE (Pamela C) & HARVEY (Richard A).
9 (RLIN) 111286
245 ## - TITLE STATEMENT
Title Lippincott's Illustrated reviews: biochemistry
250 ## - EDITION STATEMENT
Edition statement 2
260 ## - PUBLICATION, DISTRIBUTION, ETC.
Place of publication, distribution, etc. NY
Name of publisher, distributor, etc. Lippincott Williams & Wilkins.,
Date of publication, distribution, etc. 1994
300 ## - PHYSICAL DESCRIPTION
Extent xvi,443
690 ## - LOCAL SUBJECT ADDED ENTRY--TOPICAL TERM (OCLC, RLIN)
Topical term or geographic name as entry element Biochemistry
9 (RLIN) 111287
906 ## - LOCAL DATA ELEMENT F, LDF (RLIN)
a 059246
942 ## - ADDED ENTRY ELEMENTS (KOHA)
Source of classification or shelving scheme Dewey Decimal Classification
Koha item type Book
Holdings
Withdrawn status Lost status Source of classification or shelving scheme Damaged status Not for loan Collection code Home library Current library Date acquired Source of acquisition Cost, normal purchase price Total Checkouts Full call number Barcode Date last seen Price effective from Koha item type
    Dewey Decimal Classification     Bio Chemistry St Aloysius Library St Aloysius Library 02/17/2021 New book house, Bangalore 1100.00   574.192 CHAL 059246 02/17/2021 02/17/2021 Book
    Dewey Decimal Classification     Bio Chemistry St Aloysius Library St Aloysius Library 02/17/2021 U R Shenoy & Sons, Mangalore. 0.00   574.192 CHAL SG03550 02/17/2021 02/17/2021 Special Grants